000 00307nam a22001457a 4500
008 230906b ||||| |||| 00| 0 eng d
020 _a9780688069711
041 _aeng
080 _a61
082 _a61BEC
100 _a5
101 _aMP
245 _aTHE BODY ELECTRIC
_cBECKER.O.R
942 _2udc
_cBK
999 _c60261
_d60261